|
|
|
|
| LEADER |
00000nab a2200000ua 4500 |
| 001 |
vtls010854958 |
| 003 |
SK-MaSNL |
| 005 |
20260303141410.0 |
| 008 |
230222s2012 xo |||||||||||||||||slo| |
| 035 |
|
|
|a (urnnbn)urn:nbn:sk:snk:ar-a07gpb
|
| 035 |
|
|
|a urn:nbn:sk:snk-ab6edy
|
| 035 |
|
|
|a (uuid)fd8fd7ad-fd53-496c-8b79-6054062ecc30
|
| 040 |
|
|
|a SNKBUCL
|b slo
|c SNKBUCL
|e AACR2
|
| 041 |
0 |
|
|a slo
|
| 044 |
|
|
|a xo
|c SK
|
| 100 |
1 |
|
|a Strapková, Marta
|4 aut
|9 785664
|
| 245 |
1 |
0 |
|a Nekvalite možno predchádzať
|c Marta Strapková, -Kd-
|
| 700 |
1 |
|
|a -kd-
|4 aut
|9 860950
|
| 773 |
0 |
|
|t Stavebné materiály : technológie, výrobky, konštrukcie
|g Roč. 8, č. 3 (2012), s. 8-9
|
| 954 |
|
|
|a odborná, vedecká literatúra pôvodná (slovenská)
|2 lita
|
| 958 |
|
|
|a OND
|
| 958 |
|
|
|a EUIPO
|
| 958 |
|
|
|a article5
|
| 999 |
|
|
|c 1976021
|d 1977951
|